台北都会区所有轨道交通线路 Every Operating Rail Line in Taipei Metropolitan Area - Statistics

General Stats
  • This quiz has been taken 9 times
  • The average score is 9 of 12
Answer Stats
所属系统 线路 % Correct
台北捷运 淡水信义线
100%
台北捷运 文湖线
88%
台北捷运 松山新店线
88%
台北捷运 板南线
88%
桃园捷运 机场线
88%
台北捷运 新北投支线
75%
台北捷运 小碧潭支线
75%
台北捷运 中和新芦线
75%
新北捷运 淡海轻轨
63%
新北捷运 环状线
50%
台北捷运 猫空缆车
38%
新北捷运 安坑轻轨
38%
No matching quizzes found
Score Distribution
Percent of People with Each Score
Percentile by Number Answered
Your Score History
You have not taken this quiz